01122nam a2200253 a 450000100060000000300080000600500170001400800410003103500190007204000350009104100080012608200260013410000330016024501940019326000800038730000370046750200860050450400340059065000320062470000340065694200130069099900170070395201480072083645BD-RjUL20240505102144.0240505s1996 bg a|||| m||| 00| 0 eng d a(BD-RjUL)83645 aBD-RjULbengcBD-RjULdBD-RjUL aeng 223a582.13bSHV 1996  aG. M. Shahiquzzaman, 91283510aVariability and Association of Quantitative Characters, Chromosome Identification, and Inheritance of Flower Colour in Lathyrus Sativus L. /cBy Shahiquzzaman G. M. ;6Supervisor : G. Kabir aRajshahi :bInstitute of Bioligical Sciences, University of Rajshahi,c1996 a[8]-233 Leaves :bill, ;c29 cm. aThesis (Ph. D.) -- Institute of Bioligical Sciences, University of Rajshahi, 1996 aReferences : Leaves [217]-233 aFlowervVariability 912836 aKabir, G., Supervisor 912830 2ddccTHE c83645d83645 102ddc40718THESESaRUCLbRUCLcDoc/Thed1997-01-29eController of Exam. R. U.l0oTHE 582.13 SHV 1996 pD1860r2024-05-05 00:00:00tC-IyTHE